[Event "Russian Championship B17 2016"]
[Site "Loo"]
[Date "2016.04.20"]
[Round "1.8"]
[White "Bubnov, Kirill"]
[Black "Afanasiev, Nikita"]
[Result "0-1"]
[WhiteElo "2159"]
[BlackElo "2349"]
[PlyCount "56"]
[EventDate "2016.04.20"]

1. d4 Nf6 2. c4 e5 3. dxe5 Ng4 4. Bf4 Bb4+ 5. Nd2 d6 6. exd6 Qf6 7. e3 Bxd6 8.
Ne4 Bb4+ 9. Nd2 Qxb2 10. Ngf3 Bf5 11. Be2 Nc6 12. O-O O-O-O 13. e4 Bxe4 14. Ng5
Nf6 15. Nxf7 Bxd2 16. Nxd8 Rxd8 17. Bg4+ Kb8 18. Bxd2 Rxd2 19. Qc1 Qd4 20. Be6
Nh5 21. Qa3 a6 22. Rae1 Bd3 23. Bd5 Bxf1 24. Qf8+ Ka7 25. Bxc6 Nf4 26. Rxf1 Rd1
27. Bf3 Rxf1+ 28. Kxf1 Qa1+ 0-1

[Event "Russian Championship B17 2016"]
[Site "Loo"]
[Date "2016.04.20"]
[Round "1.9"]
[White "Shandrygin, Nikita"]
[Black "Scherbakov, Mikhail"]
[Result "0-1"]
[WhiteElo "2334"]
[BlackElo "2139"]
[PlyCount "128"]
[EventDate "2016.04.20"]

1. e4 c5 2. Nf3 Nc6 3. d4 cxd4 4. Nxd4 g6 5. Nc3 Bg7 6. Be3 Nf6 7. Bc4 Qa5 8.
O-O O-O 9. Bb3 d6 10. h3 Bd7 11. Re1 Rfe8 12. Nf3 Rac8 13. Bd2 Qh5 14. Bf4 Na5
15. e5 Nxb3 16. axb3 dxe5 17. Rxe5 Bf5 18. Rxa7 Ne4 19. Nxe4 Bxe5 20. Ng3 Bxf4
21. Nxh5 gxh5 22. c3 Rcd8 23. Qe1 e5 24. Ra1 Bc2 25. g3 Bh6 26. b4 Re6 27. Kh2
b5 28. Qf1 Bd3 29. Qg1 e4 30. Nd4 Rf6 31. Qg2 h4 32. g4 Bf4+ 33. Kh1 Bg5 34.
Rd1 Re8 35. Kg1 h6 36. Nf5 Kh7 37. Re1 Rxf5 38. gxf5 Bf4 39. Kh1 Rg8 40. Qxe4
Bxe4+ 41. Rxe4 Bc1 42. b3 Rc8 43. c4 bxc4 44. bxc4 Kg7 45. c5 Kf6 46. Rc4 Ba3
47. c6 Ke5 48. b5 Kd5 49. Rxh4 Bf8 50. f6 Kc5 51. Rh5+ Kb6 52. Rd5 Bc5 53. Rh5
Kxb5 54. Rxh6 Kxc6 55. Kg2 Kd6 56. Kf3 Ke6 57. h4 Bd4 58. Rh5 Bxf6 59. Kg3 Rc3+
60. f3 Be5+ 61. Kg4 Rc4+ 62. Kh3 Rf4 63. Kg2 Ra4 64. Rh6+ f6 0-1

[Event "Russian Championship B17 2016"]
[Site "Loo"]
[Date "2016.04.20"]
[Round "1.10"]
[White "Chilingaryan, Pavel"]
[Black "Elistratov, Semen"]
[Result "1/2-1/2"]
[WhiteElo "2125"]
[BlackElo "2329"]
[PlyCount "89"]
[EventDate "2016.04.20"]

1. Nf3 d5 2. g3 g6 3. Bg2 Bg7 4. d4 Nf6 5. O-O O-O 6. c4 dxc4 7. Na3 c3 8. bxc3
c5 9. Ne5 Nbd7 10. Nac4 Nxe5 11. Nxe5 Nd5 12. Bb2 Nb6 13. Nf3 Bf5 14. e3 Be4
15. Nd2 Bxg2 16. Kxg2 Rc8 17. Ba3 Nd5 18. Rc1 cxd4 19. cxd4 Qa5 20. Nb1 Rfd8
21. Qb3 b6 22. Rxc8 Rxc8 23. Rc1 Rxc1 24. Bxc1 Nf6 25. Nd2 h5 26. Nf3 Ng4 27.
Qc2 Qd5 28. Qb3 Qf5 29. h4 Bf6 30. Qd1 Kg7 31. Bb2 b5 32. Qe2 Qd5 33. a3 a5 34.
Kg1 Qb3 35. Ne1 b4 36. Qc2 Qd5 37. axb4 axb4 38. Nd3 b3 39. Qd1 Qb5 40. Ne1 Qf5
41. Nd3 e6 42. Nf4 Qa5 43. Nd3 Qb5 44. Nc1 Qf5 45. Nd3 1/2-1/2

[Event "Russian Championship B17 2016"]
[Site "Loo"]
[Date "2016.04.20"]
[Round "1.11"]
[White "Malyshev, Grigory"]
[Black "Neznanov, Aleksandr"]
[Result "1/2-1/2"]
[WhiteElo "2315"]
[BlackElo "2085"]
[PlyCount "146"]
[EventDate "2016.04.20"]

1. d4 d5 2. c4 e6 3. Nf3 Nf6 4. g3 Be7 5. Bg2 O-O 6. O-O dxc4 7. Qc2 a6 8. Qxc4
b5 9. Qc2 Bb7 10. Bd2 Nc6 11. e3 Nb4 12. Bxb4 Bxb4 13. a3 Be7 14. Nbd2 Nd7 15.
Ng5 Bxg5 16. Bxb7 Rb8 17. Bg2 Be7 18. Nb3 Bd6 19. Na5 Qf6 20. Nc6 Rb6 21. f4
Nb8 22. Na5 Qd8 23. b4 Re8 24. Rac1 Re7 25. Nb3 f6 26. Nc5 Qe8 27. Qb3 Kh8 28.
Rc2 Nd7 29. Rd2 Nf8 30. e4 Bxc5 31. dxc5 Rb8 32. e5 fxe5 33. fxe5 Ng6 34. Qe3
Rf7 35. Rfd1 Rf5 36. Be4 Rxe5 37. Bxg6 Rxe3 38. Bxe8 Rxe8 39. Rd8 Rg8 40. R1d3
Rxd3 41. Rxd3 g5 42. c6 h6 43. Kf2 Rf8+ 44. Ke3 Kg7 45. Ke4 Kf6 46. g4 Rg8 47.
Rh3 Rh8 48. Rf3+ Ke7 49. Rd3 Rd8 50. Rh3 Rd6 51. Rxh6 Rxc6 52. Ke5 Rc4 53. h3
c5 54. Rxe6+ Kf7 55. Rxa6 cxb4 56. axb4 Rxb4 57. Kf5 Rb3 58. Rh6 Rc3 59. Kxg5
Kg7 60. Rb6 Rxh3 61. Rb7+ Kf8 62. Kg6 Re3 63. g5 Re6+ 64. Kh7 Re5 65. Rb8+ Ke7
66. g6 Rh5+ 67. Kg8 Rg5 68. g7 Kd6 69. Rf8 Kd5 70. Kf7 b4 71. Kf6 Rxg7 72. Kxg7
Kd4 73. Kf6 b3 1/2-1/2

[Event "Russian Championship B17 2016"]
[Site "Loo"]
[Date "2016.04.20"]
[Round "1.12"]
[White "Dubinin, Alexsandr"]
[Black "Gaifullin, Artur"]
[Result "0-1"]
[WhiteElo "2080"]
[BlackElo "2306"]
[PlyCount "84"]
[EventDate "2016.04.20"]

1. e4 e5 2. Nf3 Nc6 3. Nc3 Nf6 4. Bb5 Bb4 5. O-O O-O 6. d3 d6 7. Ne2 Ne7 8. c3
Ba5 9. Ng3 Ng6 10. h3 h6 11. d4 c6 12. Bd3 Re8 13. Re1 Be6 14. Be3 Qd7 15. Qd2
Rad8 16. Rad1 Bc7 17. Qc2 Qc8 18. c4 exd4 19. Nxd4 Ne5 20. Be2 Ba5 21. Rf1 Ned7
22. Ndf5 Bxf5 23. Nxf5 Nxe4 24. Bxh6 gxh6 25. Nxh6+ Kf8 26. Nxf7 Kxf7 27. Bh5+
Kg7 28. Bxe8 Rxe8 29. f3 Bb6+ 30. Kh2 Nef6 31. Qf5 Re5 32. Qf4 Bc7 33. g4 d5
34. Kh1 Rh5 35. Qd2 Rxh3+ 36. Kg1 Qh8 37. Qg5+ Kf8 38. cxd5 Rg3+ 39. Kf2 Qh2+
40. Ke3 Bb6+ 41. Kd3 Nc5+ 42. Kc3 Nfe4+ 0-1

[Event "Russian Championship B17 2016"]
[Site "Loo"]
[Date "2016.04.20"]
[Round "1.13"]
[White "Smirnov, Timofey"]
[Black "Bezotechestvo, Konstantin"]
[Result "1-0"]
[WhiteElo "2303"]
[BlackElo "2064"]
[PlyCount "87"]
[EventDate "2016.04.20"]

1. e4 e5 2. Nf3 Nc6 3. Bb5 a6 4. Ba4 Nf6 5. O-O b5 6. Bb3 Bb7 7. d3 Bc5 8. Nc3
d6 9. a4 b4 10. Nd5 Na5 11. Nxf6+ Qxf6 12. Bg5 Qg6 13. Ba2 h6 14. Be3 Bxe3 15.
fxe3 O-O 16. Qe1 c5 17. Nh4 Qg5 18. Rf5 Qd8 19. Ng6 b3 20. cxb3 fxg6 21. b4+
Kh7 22. Rxf8 Qxf8 23. bxa5 Bc6 24. Bc4 Ra7 25. b3 Qd8 26. Qc3 Qg5 27. Qd2 Qd8
28. d4 cxd4 29. exd4 Bxe4 30. dxe5 d5 31. Rd1 Rd7 32. Bxa6 Qb8 33. Bb5 Re7 34.
b4 Rxe5 35. Bf1 Rh5 36. g3 Bf3 37. Re1 Rf5 38. b5 h5 39. Bd3 Rf6 40. b6 Qd6 41.
b7 d4 42. a6 Bc6 43. Qg5 Qb4 44. Rb1 1-0

[Event "Russian Championship B17 2016"]
[Site "Loo"]
[Date "2016.04.20"]
[Round "1.14"]
[White "Mestnikov, Aital"]
[Black "Sin, Denis"]
[Result "0-1"]
[WhiteElo "2063"]
[BlackElo "2298"]
[PlyCount "86"]
[EventDate "2016.04.20"]

1. d4 Nf6 2. c4 c5 3. d5 e6 4. Nc3 exd5 5. cxd5 d6 6. e4 g6 7. Bd3 Bg7 8. h3
O-O 9. Nf3 b5 10. Bxb5 Nxe4 11. Nxe4 Qa5+ 12. Nfd2 Qxb5 13. Qb3 Qa6 14. Qc4 Re8
15. O-O Qxc4 16. Nxc4 Rxe4 17. Nxd6 Bf5 18. Nxe4 Bxe4 19. Be3 Nd7 20. Rad1 c4
21. f3 Bd3 22. Rf2 Re8 23. Bxa7 Ra8 24. Be3 Rxa2 25. b4 Ra4 26. b5 Rb4 27. Ra2
Rxb5 28. Ra8+ Rb8 29. Ra7 Rd8 30. Kf2 h6 31. d6 Ne5 32. Bc5 Bc2 33. Rd2 Nd3+
34. Kf1 Nxc5 35. Rxc2 c3 36. Re2 Rxd6 37. Re8+ Kh7 38. Rc8 Rd1+ 39. Ke2 Rd2+
40. Kf1 Nd3 41. Rxf7 c2 42. Rd7 Rd1+ 43. Ke2 Nc1+ 0-1

[Event "Russian Championship B17 2016"]
[Site "Loo"]
[Date "2016.04.20"]
[Round "1.15"]
[White "Grigorjev, Iljya"]
[Black "Volobuev, Vladimir"]
[Result "1-0"]
[WhiteElo "2297"]
[BlackElo "2062"]
[PlyCount "113"]
[EventDate "2016.04.20"]

1. d4 Nf6 2. c4 g6 3. Nf3 Bg7 4. Nc3 d5 5. Qb3 c6 6. Bg5 dxc4 7. Qxc4 O-O 8. e4
b5 9. Qb3 Qa5 10. e5 Nd5 11. Bd2 Nxc3 12. Qxc3 Qxc3 13. bxc3 Nd7 14. a4 bxa4
15. Rxa4 Nb6 16. Ra5 Bf5 17. Ba6 Rfb8 18. O-O Nd7 19. Bc4 e6 20. h3 Rb2 21.
Rfa1 Rb7 22. Ba6 Rc7 23. g4 Bc2 24. Ne1 Bb3 25. R5a3 Rb8 26. Bd3 c5 27. Rxa7
Rbc8 28. Rxc7 Rxc7 29. Ra8+ Nf8 30. Rb8 Ba4 31. Ng2 h6 32. h4 Rd7 33. Be3 cxd4
34. cxd4 Kh7 35. h5 Bd1 36. hxg6+ Nxg6 37. Bb5 Rc7 38. g5 hxg5 39. Bxg5 Bf3 40.
Bd3 Rd7 41. Nh4 Bh5 42. Be3 Bh6 43. Bxg6+ Bxg6 44. Bxh6 Kxh6 45. Rb4 Be4 46.
Kh2 Kg5 47. Kg3 Ra7 48. Rb8 Ra1 49. f3 Bh7 50. Rf8 Rg1+ 51. Kf2 Rh1 52. Ng2 Bg6
53. Kg3 Ra1 54. Rh8 Ra3 55. Nf4 Ra4 56. Rh4 Bf5 57. Rh5# 1-0

[Event "Russian Championship B17 2016"]
[Site "Loo"]
[Date "2016.04.20"]
[Round "1.16"]
[White "Isayev, Maksym"]
[Black "Fakhrutdinov, Timur"]
[Result "0-1"]
[WhiteElo "2059"]
[BlackElo "2290"]
[PlyCount "138"]
[EventDate "2016.04.20"]

1. d4 Nf6 2. c4 e6 3. g3 Bb4+ 4. Bd2 Be7 5. Bg2 d5 6. Nf3 O-O 7. Qc2 c6 8. O-O
Nbd7 9. Rd1 b6 10. Bf4 Ba6 11. Nfd2 Nh5 12. b3 Nxf4 13. gxf4 Rc8 14. Nc3 c5 15.
dxc5 Bxc5 16. e3 Nf6 17. Qb2 Qe7 18. a3 d4 19. exd4 Bxd4 20. Nf3 Bxc3 21. Qxc3
Bb7 22. b4 Ne4 23. Qe3 Nd6 24. Ng5 Bxg2 25. Qd3 Nf5 26. Kxg2 Qc7 27. Qe4 h6 28.
Nf3 Nd6 29. Qe5 Nxc4 30. Qxc7 Rxc7 31. Ne5 Rfc8 32. Rd4 f6 33. Nf3 Kf7 34. a4
Ke7 35. Re1 Nd6 36. Rd2 Nf5 37. Red1 Rb7 38. b5 Rc4 39. Nd4 Nxd4 40. Rxd4 Rbc7
41. R1d2 Rxd4 42. Rxd4 Kf7 43. Kg3 Kg6 44. Kg4 h5+ 45. Kg3 Rc3+ 46. Kg2 Ra3 47.
h4 Kf5 48. f3 g6 49. Re4 Rd3 50. Kg3 e5 51. fxe5 fxe5 52. Rc4 Rd4 53. Rc7 Rxa4
54. Rg7 Ra3 55. Kf2 Ra5 56. Kg3 Rxb5 57. Rxa7 Rb3 58. Kf2 b5 59. Rb7 b4 60. Rb6
Rb1 61. Kg3 b3 62. Rb4 g5 63. hxg5 Kxg5 64. Kg2 Kf5 65. Kh2 Ke6 66. f4 exf4 67.
Rxf4 Rd1 68. Rb4 Rd2+ 69. Kg3 b2 0-1

[Event "Russian Championship B17 2016"]
[Site "Loo"]
[Date "2016.04.20"]
[Round "1.17"]
[White "Zhitnikov, Konstantin"]
[Black "Shoshin, Boris"]
[Result "1/2-1/2"]
[WhiteElo "2288"]
[BlackElo "2055"]
[PlyCount "82"]
[EventDate "2016.04.20"]

1. e4 c5 2. c3 Nf6 3. e5 Nd5 4. Nf3 e6 5. d4 cxd4 6. cxd4 d6 7. Bc4 Nc6 8. O-O
Be7 9. Qe2 O-O 10. Nbd2 Qb6 11. Ne4 dxe5 12. dxe5 Nd4 13. Nxd4 Qxd4 14. Ng3 Nb6
15. Bb3 Nd7 16. Re1 Bb4 17. Qe4 Qxe4 18. Rxe4 Bc5 19. Bf4 b5 20. Rd1 Bb6 21.
Be3 Nc5 22. Bxc5 Bxc5 23. Bc2 Bb7 24. Re2 Rac8 25. Be4 Bxe4 26. Nxe4 Rfd8 27.
Rxd8+ Rxd8 28. g3 Bd4 29. Nd6 a6 30. Kg2 Bxe5 31. Nxf7 Kxf7 32. Rxe5 Rd2 33.
Re3 Rxb2 34. Ra3 b4 35. Rxa6 b3 36. axb3 Rxb3 37. h4 h5 38. Ra5 g6 39. Ra4 Kf6
40. Rf4+ Kg7 41. Rf3 Rb4 1/2-1/2

[Event "Russian Championship B17 2016"]
[Site "Loo"]
[Date "2016.04.20"]
[Round "1.18"]
[White "Kuznetsov, Felix"]
[Black "Borisovsky, Dmitry"]
[Result "1/2-1/2"]
[WhiteElo "2053"]
[BlackElo "2281"]
[PlyCount "66"]
[EventDate "2016.04.20"]

1. e4 c5 2. Ne2 Nf6 3. Nbc3 Nc6 4. g3 d5 5. exd5 Nxd5 6. Bg2 Nxc3 7. Nxc3 e6 8.
O-O Be7 9. d3 O-O 10. Be3 Qd7 11. a4 b6 12. a5 Rb8 13. axb6 axb6 14. Re1 Bb7
15. Ne4 Ra8 16. Qd2 Nb4 17. f4 Nd5 18. Bf2 Nf6 19. Qe2 Rfd8 20. Red1 Qc7 21.
Rxa8 Bxa8 22. Ra1 Nxe4 23. Bxe4 Bxe4 24. Qxe4 Bf6 25. Ra2 g6 26. b3 Bd4 27. Kg2
Bxf2 28. Kxf2 Rc8 29. Ra8 Rxa8 30. Qxa8+ Kg7 31. Qa1+ Kg8 32. Qa8+ Kg7 33. Qa1+
Kg8 1/2-1/2

[Event "Russian Championship B17 2016"]
[Site "Loo"]
[Date "2016.04.20"]
[Round "1.19"]
[White "Klimentov, Evgeny"]
[Black "Saidov, Bilukhadzh"]
[Result "1-0"]
[WhiteElo "2274"]
[BlackElo "2027"]
[PlyCount "89"]
[EventDate "2016.04.20"]

1. e4 c5 2. Nf3 d6 3. d4 cxd4 4. Nxd4 Nf6 5. Nc3 g6 6. Be2 Bg7 7. O-O O-O 8.
Re1 Nc6 9. Nb3 Be6 10. Bf1 Rc8 11. Bg5 Ne5 12. Nd5 Bxd5 13. exd5 Qd7 14. c3
Rfe8 15. Qd2 Nc4 16. Bxc4 Rxc4 17. Qd3 Rec8 18. h3 Qb5 19. Rad1 e5 20. Bxf6
Bxf6 21. Nd2 R4c5 22. Ne4 Be7 23. Nxc5 Qxc5 24. Qe3 Qa5 25. a3 Bd8 26. Kh2 Rc4
27. Rc1 Rf4 28. f3 Bb6 29. Qd3 h5 30. Re4 Rf5 31. Qc4 Kg7 32. a4 Bd8 33. Qb5
Qc7 34. c4 Bg5 35. Rd1 h4 36. c5 Bf4+ 37. Kh1 Rf6 38. b4 a6 39. Qc4 a5 40. cxd6
Qxd6 41. bxa5 Qa3 42. Qb4 Qa2 43. Qxb7 Rd6 44. a6 Qc2 45. Rb1 1-0

[Event "Russian Championship B17 2016"]
[Site "Loo"]
[Date "2016.04.20"]
[Round "1.20"]
[White "Bogdanov, Nikita"]
[Black "Gunchenko, Vadim"]
[Result "1/2-1/2"]
[WhiteElo "2025"]
[BlackElo "2263"]
[PlyCount "80"]
[EventDate "2016.04.20"]

1. d4 d5 2. Nf3 Nf6 3. g3 Bf5 4. Bg2 c6 5. O-O h6 6. c4 e6 7. Nbd2 Nbd7 8. b3
Be7 9. Bb2 O-O 10. Ne5 Bh7 11. Re1 Bb4 12. a3 Ba5 13. b4 Bc7 14. e4 Nxe4 15.
Nxe4 Bxe4 16. Bxe4 dxe4 17. Nxd7 Qxd7 18. Rxe4 f5 19. Re1 Rae8 20. Qc2 Bd8 21.
Rad1 Qf7 22. Rd3 Bf6 23. Qe2 Re7 24. Re3 Rd8 25. Rxe6 Qxe6 26. Qxe6+ Rxe6 27.
Rxe6 Kf7 28. Re3 Bxd4 29. Bxd4 Rxd4 30. c5 Rd2 31. Kg2 a6 32. Kf3 Kf6 33. Kg2
Rd8 34. h4 g6 35. Kh2 g5 36. hxg5+ hxg5 37. Kg2 Rd4 38. Re8 Rc4 39. Rf8+ Kg6
40. Rd8 Kf6 1/2-1/2

[Event "Russian Championship B17 2016"]
[Site "Loo"]
[Date "2016.04.20"]
[Round "1.21"]
[White "Klukin, Kirill"]
[Black "Zaichikov, Andrey"]
[Result "0-1"]
[WhiteElo "2259"]
[BlackElo "2013"]
[PlyCount "110"]
[EventDate "2016.04.20"]

1. d4 Nf6 2. Nf3 g6 3. c4 Bg7 4. Nc3 O-O 5. e4 d6 6. Be2 e5 7. O-O Nc6 8. d5
Ne7 9. Qc2 Ne8 10. Rd1 f5 11. Ng5 f4 12. Ne6 Bxe6 13. dxe6 Qc8 14. Qb3 b6 15.
Nd5 Qxe6 16. c5 Kh8 17. cxb6 axb6 18. Bc4 Qd7 19. Bb5 Qd8 20. Nxe7 Qxe7 21. f3
Nf6 22. Qc2 Ra5 23. a4 Rd8 24. Qc4 Ra7 25. Bc6 Bf8 26. Bd2 d5 27. exd5 Qc5+ 28.
Qxc5 Bxc5+ 29. Kh1 Bd4 30. Bxf4 Bxb2 31. Bg5 Rd6 32. Rab1 Bd4 33. f4 Ne4 34.
Rf1 Kg7 35. fxe5 Rxc6 36. dxc6 Nxg5 37. Rbd1 Rxa4 38. Rf4 Ne6 39. Rf6 Nc5 40.
Rdf1 Bxe5 41. Rf7+ Kh6 42. g3 Rc4 43. Rd1 Bd6 44. Kg2 Na6 45. Rd5 Rxc6 46. g4
g5 47. h4 Rc5 48. hxg5+ Kg6 49. Rf6+ Kg7 50. Rdf5 Rxf5 51. gxf5 Bf4 52. Kf3
Bxg5 53. Rc6 Be7 54. Kf4 Bd6+ 55. Kg5 Be5 0-1

[Event "Russian Championship B17 2016"]
[Site "Loo"]
[Date "2016.04.20"]
[Round "1.22"]
[White "Pryalukhin, Danila"]
[Black "Komov, Roman"]
[Result "0-1"]
[WhiteElo "2011"]
[BlackElo "2258"]
[PlyCount "70"]
[EventDate "2016.04.20"]

1. d4 g6 2. c4 Bg7 3. e4 c5 4. d5 d6 5. Nc3 e6 6. Nge2 Ne7 7. Be3 exd5 8. cxd5
O-O 9. Ng3 a6 10. a4 f5 11. exf5 Bxf5 12. Be2 Nd7 13. O-O Ne5 14. h3 Qb6 15.
Qd2 Rae8 16. Nh1 Qb4 17. Rfd1 Nc4 18. Bxc4 Qxc4 19. a5 Qb4 20. Ng3 b6 21. axb6
Qxb6 22. Re1 Bd7 23. Qe2 Bb5 24. Nxb5 axb5 25. Rad1 Qb8 26. b3 Nf5 27. Nxf5
Rxf5 28. Qg4 Rfe5 29. Re2 Qb7 30. Red2 Qf7 31. Qe2 Bh6 32. Qxb5 Rxe3 33. fxe3
Bxe3+ 34. Kh1 Bxd2 35. Rf1 Qxf1+ 0-1

[Event "Russian Championship B17 2016"]
[Site "Loo"]
[Date "2016.04.20"]
[Round "1.23"]
[White "Abramov, Nikita"]
[Black "Gagarin, Sergey"]
[Result "1-0"]
[WhiteElo "2255"]
[BlackElo "1997"]
[PlyCount "71"]
[EventDate "2016.04.20"]

1. c4 Nf6 2. Nf3 e6 3. g3 d5 4. Bg2 dxc4 5. Qa4+ Nbd7 6. Qxc4 c5 7. Qc2 Rb8 8.
d4 cxd4 9. Nxd4 Bc5 10. Nb3 Bb4+ 11. Bd2 Bxd2+ 12. N1xd2 O-O 13. Rc1 Nd5 14.
O-O N7f6 15. Ne4 b6 16. Nxf6+ Qxf6 17. Bxd5 exd5 18. Qc3 Qh6 19. Qc7 Ba6 20.
Nd4 Rbc8 21. Nf5 Qxc1 22. Rxc1 Rxc7 23. Rxc7 Bxe2 24. Rxa7 Rd8 25. Nd4 Bd3 26.
Rb7 b5 27. Nxb5 Bxb5 28. Rxb5 Kf8 29. Kf1 Ke7 30. Ke2 Ke6 31. a4 d4 32. Kd3 Ra8
33. a5 Rd8 34. b4 Kd6 35. Rc5 Rb8 36. Rc4 1-0

[Event "Russian Championship B17 2016"]
[Site "Loo"]
[Date "2016.04.20"]
[Round "1.24"]
[White "Lushnikov, Sergey"]
[Black "Galchenko, Matvey"]
[Result "0-1"]
[WhiteElo "1953"]
[BlackElo "2245"]
[PlyCount "130"]
[EventDate "2016.04.20"]

1. e4 c6 2. d4 d5 3. f3 e6 4. Nc3 Bb4 5. Qd3 b6 6. Nge2 Ba6 7. Qe3 Nf6 8. a3
Be7 9. Bd2 O-O 10. Ng3 Bxf1 11. Rxf1 c5 12. exd5 Nxd5 13. Nxd5 exd5 14. O-O-O
Nd7 15. Nf5 Bf6 16. Qb3 cxd4 17. Qxd5 Nc5 18. Qxd8 Rfxd8 19. Bf4 Rac8 20. Nd6
Rc6 21. Ne4 Ne6 22. Nxf6+ gxf6 23. Bg3 Rd5 24. Bf2 Rcd6 25. Rd2 Rg5 26. g3 Rf5
27. f4 Rfd5 28. Rfd1 b5 29. g4 f5 30. gxf5 Nxf4 31. Bg3 Rxf5 32. Rf2 Rdf6 33.
Rxd4 Nd3+ 34. Rxd3 Rxf2 35. Bxf2 Rxf2 36. Rd5 a6 37. Rd6 Rxh2 38. Rxa6 h5 39.
Rb6 h4 40. Rxb5 h3 41. Rh5 Kg7 42. b4 Kg6 43. Rh8 f5 44. b5 f4 45. b6 f3 46. b7
f2 47. Rf8 Rh1+ 48. Kd2 Rb1 49. Rxf2 Rxb7 50. Rh2 Rh7 51. c4 Kf5 52. Kc3 Kf4
53. Kb4 Kg3 54. Rh1 Kg2 55. Rxh3 Kxh3 56. Kc5 Kg4 57. Kd6 Kf5 58. c5 Rh6+ 59.
Kd5 Rh1 60. c6 Rd1+ 61. Kc5 Ke6 62. a4 Rc1+ 63. Kb6 Kd6 64. a5 Rb1+ 65. Ka7
Kxc6 0-1

[Event "Russian Championship B17 2016"]
[Site "Loo"]
[Date "2016.04.20"]
[Round "1.25"]
[White "Bilan, Danila"]
[Black "Akhtemov, Mustafa"]
[Result "1-0"]
[WhiteElo "2244"]
[BlackElo "1880"]
[PlyCount "65"]
[EventDate "2016.04.20"]

1. d4 e6 2. Nf3 Nf6 3. e3 d5 4. c4 Nbd7 5. Nbd2 c6 6. Bd3 Be7 7. O-O O-O 8. e4
dxe4 9. Nxe4 Nxe4 10. Bxe4 Nf6 11. Bc2 Nd7 12. Qd3 g6 13. Bh6 Re8 14. Rad1 Bf6
15. Rfe1 b6 16. Qe4 Bb7 17. Ne5 Qc7 18. Qf3 c5 19. Be4 Bxe4 20. Rxe4 Bxe5 21.
dxe5 Rad8 22. Ree1 f5 23. exf6 Kf7 24. Bf4 Qc8 25. Bd6 Nf8 26. Be7 Rxd1 27.
Qxd1 Qc6 28. Qd2 Nd7 29. Qh6 Nxf6 30. Bxf6 Kxf6 31. Re3 Qd7 32. Rf3+ Ke7 33.
Qh4+ 1-0

[Event "Russian Championship B17 2016"]
[Site "Loo"]
[Date "2016.04.20"]
[Round "1.26"]
[White "Tkhamokov, Amir"]
[Black "Dobrocmyslov, Artem"]
[Result "0-1"]
[WhiteElo "1844"]
[BlackElo "2215"]
[PlyCount "58"]
[EventDate "2016.04.20"]

1. d4 Nf6 2. g3 c5 3. d5 e6 4. c4 exd5 5. cxd5 d6 6. Nc3 g6 7. Bg2 Bg7 8. e4
O-O 9. Nge2 a6 10. a4 Nbd7 11. O-O Re8 12. f4 Rb8 13. a5 b5 14. axb6 Qxb6 15.
h3 c4+ 16. Kh2 Nc5 17. Be3 Nfd7 18. Rb1 Qc7 19. Bd4 Nf6 20. e5 dxe5 21. fxe5
Rxe5 22. Bxe5 Qxe5 23. Nf4 Bf5 24. Re1 Qd6 25. Qe2 Bxb1 26. Rxb1 g5 27. Nh5
Nxh5 28. Qxh5 Bxc3 29. Rf1 Bf6 0-1

[Event "Russian Championship B17 2016"]
[Site "Loo"]
[Date "2016.04.20"]
[Round "1.27"]
[White "Yashmetov, Mikhail"]
[Black "Mukuk, Osman"]
[Result "1-0"]
[WhiteElo "2212"]
[BlackElo "1712"]
[PlyCount "55"]
[EventDate "2016.04.20"]

1. d4 d6 2. c4 Nf6 3. Nc3 g6 4. e4 Bg7 5. Be2 O-O 6. Bg5 h6 7. Be3 Nc6 8. h3 e5
9. Nf3 Ne8 10. dxe5 dxe5 11. Qxd8 Nxd8 12. Bc5 Nd6 13. Nb5 Ne6 14. Bxd6 cxd6
15. Nxd6 Rd8 16. Rd1 Nd4 17. Nxd4 Rxd6 18. Nb5 Rxd1+ 19. Kxd1 Be6 20. Nc7 Rd8+
21. Nd5 f5 22. f3 f4 23. Kc2 Bxd5 24. exd5 Bf8 25. a3 a5 26. Kb3 b5 27. cxb5
Rxd5 28. Bc4 1-0

[Event "Russian Championship B17 2016"]
[Site "Loo"]
[Date "2016.04.20"]
[Round "1.28"]
[White "Piskun, Denis"]
[Black "Ergeshov, Timur"]
[Result "0-1"]
[WhiteElo "1689"]
[BlackElo "2209"]
[PlyCount "96"]
[EventDate "2016.04.20"]

1. e4 c5 2. c3 d5 3. exd5 Qxd5 4. d4 Nc6 5. Nf3 Bg4 6. Be2 cxd4 7. cxd4 e6 8.
Nc3 Qa5 9. Be3 Nf6 10. O-O Be7 11. Qb3 Qb4 12. Qxb4 Bxb4 13. Rac1 O-O 14. Bb5
Bxf3 15. gxf3 Rac8 16. Rfd1 Rfd8 17. Ne4 Ne7 18. Nxf6+ gxf6 19. Bd3 f5 20. a3
Ba5 21. Kh1 Rxc1 22. Rxc1 Bb6 23. Bb5 a6 24. Ba4 Ng6 25. Bb3 f4 26. Bd2 Bxd4
27. Rc7 Bxb2 28. Bb4 b6 29. Rc6 a5 30. Bd6 b5 31. Rb6 Bd4 32. Rb8 Rxb8 33. Bxb8
Bxf2 34. Bd6 Bh4 35. Bc2 f5 36. Bd3 Be7 37. Bxe7 Nxe7 38. Bxb5 Kf7 39. Kg2 Kf6
40. Ba6 Ke5 41. Kf2 Kd4 42. Ke2 e5 43. Kd2 e4 44. Ke2 Ng6 45. Bb7 Ne5 46. Bc8
Nxf3 47. Bxf5 Nxh2 48. Bxh7 e3 0-1

[Event "Russian Championship B17 2016"]
[Site "Loo"]
[Date "2016.04.20"]
[Round "1.29"]
[White "Galaktionov, Artem"]
[Black "Prokopov, Nikita"]
[Result "1-0"]
[WhiteElo "2208"]
[BlackElo "1682"]
[PlyCount "93"]
[EventDate "2016.04.20"]

1. d4 Nf6 2. Nf3 g6 3. c4 Bg7 4. Nc3 d6 5. e4 Nbd7 6. Be2 c6 7. O-O O-O 8. a3
a5 9. Rb1 e5 10. dxe5 dxe5 11. b4 Qe7 12. Qc2 Nh5 13. c5 Rd8 14. Bc4 Nf8 15.
Na4 axb4 16. axb4 Nf4 17. Nb6 Rb8 18. Bb2 Bg4 19. Qb3 Bxf3 20. Qxf3 N8e6 21. g3
Ng5 22. Qe3 Nh5 23. Kh1 h6 24. Rfe1 Nf6 25. f3 Nd7 26. Nxd7 Rxd7 27. Red1 Rbd8
28. Qe2 Kf8 29. Rxd7 Rxd7 30. Rd1 Ne6 31. Bc3 Nc7 32. Ra1 Bf6 33. Kg2 Ne6 34.
Ra8+ Kg7 35. Qb2 Nd4 36. Ra7 h5 37. Ra8 h4 38. Qf2 Rd8 39. Rxd8 Qxd8 40. f4
hxg3 41. hxg3 Qe7 42. Bxd4 exf4 43. Bxf6+ Qxf6 44. Qxf4 Qb2+ 45. Qf2 Qxb4 46.
Qxf7+ Kh6 47. Qf8+ 1-0

[Event "Russian Championship B19 2016"]
[Site "Loo"]
[Date "2016.04.20"]
[Round "1.1"]
[White "Vavulin, Maksim"]
[Black "Shilyaev, Fedor"]
[Result "1-0"]
[WhiteElo "2474"]
[BlackElo "2203"]
[PlyCount "61"]
[EventDate "2016.04.20"]

1. e4 e5 2. Nf3 Nc6 3. Bb5 Nd4 4. Bc4 Nxf3+ 5. Qxf3 Qf6 6. Qg3 Bc5 7. Nc3 c6 8.
d3 d6 9. f4 Qg6 10. Qf3 exf4 11. Bxf4 Nf6 12. h3 Nd7 13. Bb3 Bd4 14. O-O-O Qf6
15. Qg3 Be5 16. Rhf1 O-O 17. d4 Bxf4+ 18. Rxf4 Qh6 19. Kb1 Nf6 20. Rdf1 Kh8 21.
Qf3 a5 22. e5 a4 23. Nxa4 dxe5 24. dxe5 Nd5 25. Rxf7 Rg8 26. Rf8 Be6 27. Rxa8
Rxa8 28. Nb6 Nxb6 29. Qf8+ Bg8 30. Qxa8 Nxa8 31. Rf8 1-0

[Event "Russian Championship B19 2016"]
[Site "Loo"]
[Date "2016.04.20"]
[Round "1.2"]
[White "Bondarenko, Ivan"]
[Black "Kozionov, Kirill"]
[Result "0-1"]
[WhiteElo "2194"]
[BlackElo "2423"]
[PlyCount "98"]
[EventDate "2016.04.20"]

1. d4 Nf6 2. c4 g6 3. Nc3 d5 4. cxd5 Nxd5 5. Bd2 Bg7 6. e4 Nb6 7. Be3 O-O 8. h3
e5 9. dxe5 Bxe5 10. Qc2 Qe7 11. Nf3 Bg7 12. Be2 Nc6 13. O-O Re8 14. Rad1 Nb4
15. Qb1 Be6 16. Nd4 Bc4 17. a3 Na6 18. Rfe1 Rad8 19. f3 c6 20. Qc2 Rd7 21. Nb3
Rxd1 22. Nxd1 Bxb3 23. Qxb3 Nc5 24. Qb4 Nbd7 25. Bd4 Nxe4 26. Bxg7 Qxb4 27.
axb4 Ng3 28. Bh6 Rxe2 29. Rxe2 Nxe2+ 30. Kf2 Nd4 31. Be3 Nb5 32. Nc3 a6 33.
Nxb5 axb5 34. Bd2 Kf8 35. Ke3 Nb6 36. Ke4 Ke7 37. g4 Ke6 38. Kd4 Nd5 39. Ke4 b6
40. Kd4 f5 41. b3 Kd6 42. gxf5 gxf5 43. Bh6 Ke6 44. Bd2 Kf6 45. Be1 Nf4 46. h4
Ne6+ 47. Ke3 Ke5 48. Bc3+ Kd5 49. Bf6 h5 0-1

[Event "Russian Championship B19 2016"]
[Site "Loo"]
[Date "2016.04.20"]
[Round "1.3"]
[White "Litvinov, Maxim"]
[Black "Feoktistov, Nikita"]
[Result "0-1"]
[WhiteElo "2413"]
[BlackElo "2194"]
[PlyCount "72"]
[EventDate "2016.04.20"]

1. e4 c5 2. Nf3 d6 3. d4 cxd4 4. Qxd4 Nc6 5. Bb5 Bd7 6. Qd3 g6 7. c4 Bg7 8. Nc3
a6 9. Bxc6 Bxc6 10. O-O Nf6 11. h3 O-O 12. Nd4 Nd7 13. Be3 Nc5 14. Qc2 Ne6 15.
Rfd1 Rc8 16. Qe2 Qe8 17. Rac1 Bxd4 18. Bxd4 f5 19. f3 Nf4 20. Qd2 fxe4 21. fxe4
e5 22. Be3 Rf6 23. Nd5 Bxd5 24. cxd5 Rxc1 25. Rxc1 Qb5 26. Kh2 g5 27. Rc8+ Kg7
28. Rc7+ Kg8 29. b3 g4 30. hxg4 Rh6+ 31. Kg1 Ne2+ 32. Kf1 Rf6+ 33. Ke1 Ng3 34.
Rc8+ Kg7 35. Kd1 Nxe4 36. Rc7+ Kg6 0-1